000 00893cab a2200253 4500
001 WB3039-60
008 090401t1994 xxu||||| |||| 00| 0 eng d
035 _a(Sirsi) u71387
041 _aeng
245 _aFarm woodland planting
260 _c1994
350 _a0
490 _aFarmers' Weekly
_v121(15) 14 October 1994, 56(1)
520 _aPresent grant schemes are not sufficient to encourage farm woodland plantings on arable land, as this can halve the land`s capital value. Includes a Bidwells illustrative cash flow for a lowland broadleaf planting.
650 _aPROPERTY-RURAL AND NATURAL ASSETS-AGRICULTURAL PROPERTY-AGRICULTURAL LAND-ARABLE LAND
650 _aECONOMICS
650 _aFARM WOODLAND PREMIUM SCHEME
650 _aFARM WOODLAND
650 _aGRANT SCHEMES
650 _aTREE PLANTING
690 _aRURAL PRACTICE
942 _n0
948 _c04/03/1997
999 _c44992
_d44992